Normal view
MARC view
- Nazariah Abdul Samad
Entry Personal Name
001 - CONTROL NUMBER
- control field: 6536
003 - CONTROL NUMBER IDENTIFIER
- control field: OSt
005 - DATE AND TIME OF LATEST TRANSACTION
- control field: 20170519160111.0
008 - FIXED-LENGTH DATA ELEMENTS
- fixed length control field: 170519|| aca||aabn | a|a d
040 ## - CATALOGING SOURCE
- Original cataloging agency: OSt
- Transcribing agency: OSt
100 ## - HEADING--PERSONAL NAME
- Personal name: Nazariah Abdul Samad
670 ## - SOURCE DATA FOUND
- Source citation: Work cat.: (OSt)0: Mohammad Aziz Shah Mohamed Arip, Dr 6534, Fasilitator efektif & dinamik /, 2008

PORTAL AKMAL
E-MEL JKDM
AKMAL2U
G-BAM
u-PUSTAKA